Score 0/27 Timer 04:00
0 Plays Today
Hint Answer % Correct
Robert BoltArabia
98.6%
Billy WilderHot
97.1%
Coen BrothersTrue
96.4%
Stanley KubrickJacket
95.8%
Ruth Prawer JhabvalaRoom
95.5%
Robert BoltDoctor
95.5%
Stanley KubrickClockwork
95.1%
Coen BrothersCountry
95%
Carl ForemanRiver
95%
David LeanGreat
94.2%
John HustonFalcon
93.7%
Coen BrothersBrother
92.5%
Carl ForemanHigh
90.4%
Neil SimonOdd
89.9%
Hint Answer % Correct
David LeanIndia
82.9%
Ruth Prawer JhabvalaEnd
82.9%
John HustonAfrican
82.6%
Robert BoltMan
79.6%
John HustonJungle
71.2%
Carl ForemanGuns
67.8%
Ruth Prawer JhabvalaRemains
64.2%
Billy WilderIndemnity
58.8%
Stanley KubrickBarry
51.3%
Neil SimonBoys
42.2%
David LeanBrief
34.2%
Neil SimonCalifornia
33.9%
Billy WilderForeign
13%

Today's Daily Dose

Remove Ads.
Support Sporcle.
Get the best of Sporcle when you Go Orange. This ad-free experience offers more features, more stats, and more fun while also helping to support Sporcle. Thank you for becoming a member.

You're not logged in!

Compare scores with friends on all Sporcle quizzes.
OR
Log In

Show Comments

Extras

Top Quizzes Today


Score Distribution

Your Account Isn't Verified!

In order to create a playlist on Sporcle, you need to verify the email address you used during registration. Go to your Sporcle Settings to finish the process.

Report this User

Report this user for behavior that violates our Community Guidelines.

Details: